Counties of Wales? Quiz Stats

 Plays Quiz not verified by Sporcle

Score 0/8 Timer 04:00
0 Plays Today
Number County % Correct
6.Powys
81.9%
4.Gwynedd
66.8%
3.Gwent
65%
7.South Glamorgan
65%
8.West Glamorgan
65%
2.Dyfed
62.5%
1.Clwyd
55%
5.Mid Glamorgan
55%

You're not logged in!

Compare scores with friends on all Sporcle quizzes.
Join for Free
OR
Log In

You Might Also Like...

Show Comments

Extras

Top Quizzes Today


Score Distribution

Your Account Isn't Verified!

In order to create a playlist on Sporcle, you need to verify the email address you used during registration. Go to your Sporcle Settings to finish the process.

Report this User

Report this user for behavior that violates our Community Guidelines.

Details: